Reprezentacje, które wygrały Euro - Nagła Śmierć - Statystyki

Ogólne statystyki
  • Ten quiz został rozwiązany 321 razy
    318 od ostatniego zresetowania
  • Średni wynik to 6 z 9
Answers on the Grid
Answers color-coded by a green-red scale on the quiz's grid according to % correct below.
Anglia
Austria
Belgia
Chorwacja
Czechy
Dania
Francja
Grecja
Hiszpania
Holandia
Jugosławia
Niemcy
Polska
Portugalia
Szkocja
Związek Radziecki
 
Statystyki odpowiedzi
Odpowiedź % Poprawnych
Francja
86%
Hiszpania
86%
Niemcy
80%
Grecja
76%
Portugalia
75%
Dania
63%
Holandia
60%
Związek Radziecki
60%
Czechy
40%
Nie znaleziono quizów pasujących do podanych kryteriów
Rozkład punktacji
Procent ludzi z każdym wynikiem
Percentyl według liczby udzielonych odpowiedzi
Twoja historia wyników
Nie rozwiązałeś tego quizu od ostatniego zresetowania